Statistiques concernant Sculptures et sculpteurs

Cliquez ici pour prendre le quiz!

Statistiques générales

  • Ce quiz a été pris 173 fois
  • Le résultat moyen est 5 sur 13

Statistiques - réponses

Réponse% Correct
Auguste Rodin
97%
Michel-Ange
81%
Niki de Saint Phalle
48%
Auguste Bartholdi
42%
Edgar Degas
39%
Jeff Koons
35%
César
32%
François Pompon
26%
Louise Bourgeois
26%
Alexander Calder
22%
Le Bernin
20%
Myron
8%
Edvard Eriksen
7%

Distribution des résultats

Percentile par nombre de réponses

% des personnes avec chaque résultat

Votre développement - résultats

Vous n’avez pas pris ce quiz